Špecifiká zostavovania účtovnej závierky v čase zrušenia účtovnej jednotky likvidáciou bakalárska práca

Gespeichert in:
Bibliographische Detailangaben
1. Verfasser: Bališová, Lucia
Körperschaft: Fakulta hospodárskej informatiky EU. Katedra účtovníctva a audítorstva
Weitere Verfasser: Krišková, Petra, 1981-
Format: Buch
Sprache:Slowakisch
Veröffentlicht: Bratislava 2022
Tags: Tag hinzufügen
Keine Tags, Fügen Sie das erste Tag hinzu!

MARC

LEADER 00000nbm a2200000 4500
001 0286142
005 20230123144730.7
041 0 |a slo 
044 |a SK 
245 1 0 |a Špecifiká zostavovania účtovnej závierky v čase zrušenia účtovnej jednotky likvidáciou  |b bakalárska práca  |c Lucia Bališová ; školiteľ: Petra Krišková 
264 1 |a Bratislava  |c 2022 
300 |a 64 s. 
100 1 |a Bališová, Lucia 
700 1 |a Krišková, Petra, 1981- 
710 2 |a Fakulta hospodárskej informatiky EU. Katedra účtovníctva a audítorstva